Fragile: Handle with Care Quiz Stats

 Plays Quiz Updated Sep 6, 2018

Also try: Drink Up!
Challenge
Share
Tweet
Embed
Score 0/20 Timer 07:00
8 Plays Today
% Correct
Glass Slipper
96.2%
Glass Cleaner
93.2%
Glass Half Empty
93%
Glass Ceiling
92.1%
Bulletproof Glass
91.1%
Glass Eye
89.5%
Looking-Glass
86.6%
Philip Glass
86%
Stained Glass
85.9%
Glass Frog
85.2%
% Correct
Mr. Glass
82.8%
Glass Noodle
82.4%
Broken Glass
82.1%
Glass Menagerie
75.9%
Glassblowing
75.6%
Glass-Steagall
66.9%
Shattered Glass
45.6%
Glass Tiger
43.9%
Glass Armonica
41.6%
Glass Onion
41%

You're not logged in!

Compare scores with friends on all Sporcle quizzes.
OR
Log In

You Might Also Like...

Show Comments

Extras

Top Quizzes Today


Score Distribution

Your Account Isn't Verified!

In order to create a playlist on Sporcle, you need to verify the email address you used during registration. Go to your Sporcle Settings to finish the process.

Report this User

Report this user for behavior that violates our Community Guidelines.

Details: